Movies Quiz

Random Movies or Automobiles Quiz

Movies by Bus Scene Quiz Stats

Quiz Updated Oct 3, 2016

Challenge
Share
Tweet
Score 0/20 Timer 05:00
3 Plays Today
% Correct
Speed
92.4%
Superbad
75.2%
Dumb and Dumber
72.7%
Forrest Gump
69.6%
Sixteen Candles
67.8%
Mean Girls
66.3%
Harry Potter and the Prisoner of Azkaban
63%
Ferris Bueller's Day Off
61.1%
Billy Madison
58.8%
Almost Famous
52.6%
% Correct
The Muppet Movie
51.7%
The Dark Knight Rises
48.9%
The Fugitive
46.4%
Midnight Cowboy
37.4%
Hocus Pocus
31.6%
Rat Race
27.6%
My Neighbor Totoro
26.9%
Dawn of the Dead
22.3%
Dirty Harry
15.8%
Spy Hard
1.9%

You're not logged in!

Compare scores with friends on all Sporcle quizzes.
Join for Free
OR
Log In

You Might Also Like...

Show Comments

Extras

Top Quizzes Today


Score Distribution

Your Account Isn't Verified!

In order to create a playlist on Sporcle, you need to verify the email address you used during registration. Go to your Sporcle Settings to finish the process.

Report this User

Report this user for behavior that violates our Community Guidelines.

Details: